<?xml version="1.0" encoding="UTF-8"?>
<record
    xmlns:xsi="http://www.w3.org/2001/XMLSchema-instance"
    xsi:schemaLocation="http://www.loc.gov/MARC21/slim http://www.loc.gov/standards/marcxml/schema/MARC21slim.xsd"
    xmlns="http://www.loc.gov/MARC21/slim">

  <leader>00315nam a22001217a 4500</leader>
  <datafield tag="022" ind1=" " ind2=" ">
    <subfield code="a">0034-0383</subfield>
  </datafield>
  <datafield tag="082" ind1=" " ind2=" ">
    <subfield code="a">2020</subfield>
  </datafield>
  <datafield tag="245" ind1=" " ind2=" ">
    <subfield code="a">Reader's digest : The world best loved magazine /</subfield>
    <subfield code="c">Louise Waterson. Ed in Chief.</subfield>
  </datafield>
  <datafield tag="260" ind1=" " ind2=" ">
    <subfield code="a">Singapore:</subfield>
    <subfield code="c">Since 1922.</subfield>
  </datafield>
  <datafield tag="300" ind1=" " ind2=" ">
    <subfield code="c">18cm.</subfield>
  </datafield>
  <datafield tag="650" ind1=" " ind2=" ">
    <subfield code="a">Magazine.</subfield>
    <subfield code="9">35281</subfield>
  </datafield>
  <datafield tag="942" ind1=" " ind2=" ">
    <subfield code="c">CR</subfield>
  </datafield>
  <datafield tag="999" ind1=" " ind2=" ">
    <subfield code="c">540980</subfield>
    <subfield code="d">540980</subfield>
  </datafield>
  <datafield tag="952" ind1=" " ind2=" ">
    <subfield code="0">0</subfield>
    <subfield code="1">0</subfield>
    <subfield code="4">0</subfield>
    <subfield code="7">0</subfield>
    <subfield code="a">CL</subfield>
    <subfield code="b">CL</subfield>
    <subfield code="c">REF</subfield>
    <subfield code="d">2020-11-13</subfield>
    <subfield code="l">0</subfield>
    <subfield code="o">Vol-118, No-693 Nov 2020</subfield>
    <subfield code="p">S-99152</subfield>
    <subfield code="r">2020-11-13</subfield>
    <subfield code="w">2020-11-13</subfield>
    <subfield code="y">CR</subfield>
  </datafield>
  <datafield tag="952" ind1=" " ind2=" ">
    <subfield code="0">0</subfield>
    <subfield code="1">0</subfield>
    <subfield code="4">0</subfield>
    <subfield code="7">0</subfield>
    <subfield code="a">CL</subfield>
    <subfield code="b">CL</subfield>
    <subfield code="c">REF</subfield>
    <subfield code="d">2020-12-23</subfield>
    <subfield code="l">1</subfield>
    <subfield code="o">Vol-118, No-694 Dec 2020</subfield>
    <subfield code="p">S-99219</subfield>
    <subfield code="r">2023-07-05</subfield>
    <subfield code="s">2023-06-25</subfield>
    <subfield code="w">2020-12-23</subfield>
    <subfield code="y">CR</subfield>
  </datafield>
  <datafield tag="952" ind1=" " ind2=" ">
    <subfield code="0">0</subfield>
    <subfield code="1">0</subfield>
    <subfield code="4">0</subfield>
    <subfield code="7">0</subfield>
    <subfield code="a">CL</subfield>
    <subfield code="b">CL</subfield>
    <subfield code="c">REF</subfield>
    <subfield code="d">2021-01-19</subfield>
    <subfield code="l">0</subfield>
    <subfield code="o">Vol-119, No-695 Jan 2021</subfield>
    <subfield code="p">S-99281</subfield>
    <subfield code="r">2021-01-19</subfield>
    <subfield code="w">2021-01-19</subfield>
    <subfield code="y">CR</subfield>
  </datafield>
  <datafield tag="952" ind1=" " ind2=" ">
    <subfield code="0">0</subfield>
    <subfield code="1">0</subfield>
    <subfield code="4">0</subfield>
    <subfield code="7">0</subfield>
    <subfield code="a">CL</subfield>
    <subfield code="b">CL</subfield>
    <subfield code="c">REF</subfield>
    <subfield code="d">2021-02-19</subfield>
    <subfield code="o">Vol-119, No-696 Feb 2021</subfield>
    <subfield code="p">S-99371</subfield>
    <subfield code="y">CR</subfield>
  </datafield>
  <datafield tag="952" ind1=" " ind2=" ">
    <subfield code="0">0</subfield>
    <subfield code="1">0</subfield>
    <subfield code="4">0</subfield>
    <subfield code="7">0</subfield>
    <subfield code="a">CL</subfield>
    <subfield code="b">CL</subfield>
    <subfield code="c">REF</subfield>
    <subfield code="d">2021-03-20</subfield>
    <subfield code="l">0</subfield>
    <subfield code="o">Vol-119, No-697 Mar 2021</subfield>
    <subfield code="p">S-99422</subfield>
    <subfield code="r">2021-03-20</subfield>
    <subfield code="w">2021-03-20</subfield>
    <subfield code="y">CR</subfield>
  </datafield>
  <datafield tag="952" ind1=" " ind2=" ">
    <subfield code="0">0</subfield>
    <subfield code="1">0</subfield>
    <subfield code="4">0</subfield>
    <subfield code="7">0</subfield>
    <subfield code="a">CL</subfield>
    <subfield code="b">CL</subfield>
    <subfield code="c">REF</subfield>
    <subfield code="d">2021-04-26</subfield>
    <subfield code="o">Vol-119, No-698 Apr 2021</subfield>
    <subfield code="p">S-99448</subfield>
    <subfield code="y">CR</subfield>
  </datafield>
  <datafield tag="952" ind1=" " ind2=" ">
    <subfield code="0">0</subfield>
    <subfield code="1">0</subfield>
    <subfield code="4">0</subfield>
    <subfield code="7">0</subfield>
    <subfield code="a">CL</subfield>
    <subfield code="b">CL</subfield>
    <subfield code="c">REF</subfield>
    <subfield code="d">2021-05-20</subfield>
    <subfield code="o">Vol-119, No-699 May 2021</subfield>
    <subfield code="p">S-99513</subfield>
    <subfield code="y">CR</subfield>
  </datafield>
  <datafield tag="952" ind1=" " ind2=" ">
    <subfield code="0">0</subfield>
    <subfield code="1">0</subfield>
    <subfield code="4">0</subfield>
    <subfield code="7">0</subfield>
    <subfield code="a">CL</subfield>
    <subfield code="b">CL</subfield>
    <subfield code="c">REF</subfield>
    <subfield code="d">2021-06-14</subfield>
    <subfield code="l">0</subfield>
    <subfield code="o">Vol-119, No-700 Jun 2021</subfield>
    <subfield code="p">S-3289</subfield>
    <subfield code="r">2021-06-14</subfield>
    <subfield code="w">2021-06-14</subfield>
    <subfield code="y">CR</subfield>
  </datafield>
  <datafield tag="952" ind1=" " ind2=" ">
    <subfield code="0">0</subfield>
    <subfield code="1">0</subfield>
    <subfield code="4">0</subfield>
    <subfield code="7">0</subfield>
    <subfield code="a">CL</subfield>
    <subfield code="b">CL</subfield>
    <subfield code="c">REF</subfield>
    <subfield code="d">2021-07-13</subfield>
    <subfield code="o">Vol-120, No-701 Jul 2021</subfield>
    <subfield code="p">S-3386</subfield>
    <subfield code="y">CR</subfield>
  </datafield>
  <datafield tag="952" ind1=" " ind2=" ">
    <subfield code="0">0</subfield>
    <subfield code="1">0</subfield>
    <subfield code="4">0</subfield>
    <subfield code="7">0</subfield>
    <subfield code="a">CL</subfield>
    <subfield code="b">CL</subfield>
    <subfield code="c">REF</subfield>
    <subfield code="d">2021-08-27</subfield>
    <subfield code="l">0</subfield>
    <subfield code="o">Vol-120, No-702 Aug 2021</subfield>
    <subfield code="p">S-3449</subfield>
    <subfield code="r">2021-08-27</subfield>
    <subfield code="w">2021-08-27</subfield>
    <subfield code="y">CR</subfield>
  </datafield>
  <datafield tag="952" ind1=" " ind2=" ">
    <subfield code="0">0</subfield>
    <subfield code="1">0</subfield>
    <subfield code="4">0</subfield>
    <subfield code="7">0</subfield>
    <subfield code="a">CL</subfield>
    <subfield code="b">CL</subfield>
    <subfield code="c">REF</subfield>
    <subfield code="d">2021-09-21</subfield>
    <subfield code="l">0</subfield>
    <subfield code="o">Vol-120, No-703 Sep 2021</subfield>
    <subfield code="p">S-3517</subfield>
    <subfield code="r">2021-09-28</subfield>
    <subfield code="w">2021-09-21</subfield>
    <subfield code="y">CR</subfield>
  </datafield>
  <datafield tag="952" ind1=" " ind2=" ">
    <subfield code="0">0</subfield>
    <subfield code="1">0</subfield>
    <subfield code="4">0</subfield>
    <subfield code="7">0</subfield>
    <subfield code="a">CL</subfield>
    <subfield code="b">CL</subfield>
    <subfield code="c">REF</subfield>
    <subfield code="d">2021-10-25</subfield>
    <subfield code="l">0</subfield>
    <subfield code="o">Vol-120, No-704 Oct 2021</subfield>
    <subfield code="p">S-3579</subfield>
    <subfield code="r">2021-10-25</subfield>
    <subfield code="w">2021-10-25</subfield>
    <subfield code="y">CR</subfield>
  </datafield>
  <datafield tag="952" ind1=" " ind2=" ">
    <subfield code="0">0</subfield>
    <subfield code="1">0</subfield>
    <subfield code="4">0</subfield>
    <subfield code="7">0</subfield>
    <subfield code="a">CL</subfield>
    <subfield code="b">CL</subfield>
    <subfield code="c">REF</subfield>
    <subfield code="d">2021-11-20</subfield>
    <subfield code="l">0</subfield>
    <subfield code="o">Vol-120, No-705 Nov 2021</subfield>
    <subfield code="p">S-3659</subfield>
    <subfield code="r">2021-11-20</subfield>
    <subfield code="w">2021-11-20</subfield>
    <subfield code="y">CR</subfield>
  </datafield>
  <datafield tag="952" ind1=" " ind2=" ">
    <subfield code="0">0</subfield>
    <subfield code="1">0</subfield>
    <subfield code="4">0</subfield>
    <subfield code="7">0</subfield>
    <subfield code="a">CL</subfield>
    <subfield code="b">CL</subfield>
    <subfield code="c">REF</subfield>
    <subfield code="d">2021-12-27</subfield>
    <subfield code="l">0</subfield>
    <subfield code="o">Vol-120, No-706 Dec 2021</subfield>
    <subfield code="p">S-3744</subfield>
    <subfield code="r">2021-12-27</subfield>
    <subfield code="w">2021-12-27</subfield>
    <subfield code="y">CR</subfield>
  </datafield>
  <datafield tag="952" ind1=" " ind2=" ">
    <subfield code="0">0</subfield>
    <subfield code="1">0</subfield>
    <subfield code="4">0</subfield>
    <subfield code="7">0</subfield>
    <subfield code="a">CL</subfield>
    <subfield code="b">CL</subfield>
    <subfield code="c">REF</subfield>
    <subfield code="d">2022-01-25</subfield>
    <subfield code="l">0</subfield>
    <subfield code="o">Vol-121, No-707 Jan 2022</subfield>
    <subfield code="p">S-3809</subfield>
    <subfield code="r">2022-01-25</subfield>
    <subfield code="w">2022-01-25</subfield>
    <subfield code="y">CR</subfield>
  </datafield>
  <datafield tag="952" ind1=" " ind2=" ">
    <subfield code="0">0</subfield>
    <subfield code="1">0</subfield>
    <subfield code="4">0</subfield>
    <subfield code="7">0</subfield>
    <subfield code="a">CL</subfield>
    <subfield code="b">CL</subfield>
    <subfield code="c">REF</subfield>
    <subfield code="d">2022-04-13</subfield>
    <subfield code="l">0</subfield>
    <subfield code="o">Vol-121, No-708 Feb 2022</subfield>
    <subfield code="p">S-3833</subfield>
    <subfield code="r">2022-04-13</subfield>
    <subfield code="w">2022-04-13</subfield>
    <subfield code="y">CR</subfield>
  </datafield>
  <datafield tag="952" ind1=" " ind2=" ">
    <subfield code="0">0</subfield>
    <subfield code="1">0</subfield>
    <subfield code="4">0</subfield>
    <subfield code="7">0</subfield>
    <subfield code="a">CL</subfield>
    <subfield code="b">CL</subfield>
    <subfield code="c">REF</subfield>
    <subfield code="d">2022-04-13</subfield>
    <subfield code="l">0</subfield>
    <subfield code="o">Vol-121, No-709 Mar 2022</subfield>
    <subfield code="p">S-3946</subfield>
    <subfield code="r">2022-04-13</subfield>
    <subfield code="w">2022-04-13</subfield>
    <subfield code="y">CR</subfield>
  </datafield>
  <datafield tag="952" ind1=" " ind2=" ">
    <subfield code="0">0</subfield>
    <subfield code="1">0</subfield>
    <subfield code="4">0</subfield>
    <subfield code="7">0</subfield>
    <subfield code="a">CL</subfield>
    <subfield code="b">CL</subfield>
    <subfield code="c">REF</subfield>
    <subfield code="d">2022-09-19</subfield>
    <subfield code="o">Vol-121, No-711 May 2022</subfield>
    <subfield code="p">S-4043</subfield>
    <subfield code="y">CR</subfield>
  </datafield>
  <datafield tag="952" ind1=" " ind2=" ">
    <subfield code="0">0</subfield>
    <subfield code="1">0</subfield>
    <subfield code="4">0</subfield>
    <subfield code="7">0</subfield>
    <subfield code="a">CL</subfield>
    <subfield code="b">CL</subfield>
    <subfield code="c">REF</subfield>
    <subfield code="d">2022-09-19</subfield>
    <subfield code="o">Vol-121, No-712 June 2022</subfield>
    <subfield code="p">S-4084</subfield>
    <subfield code="y">CR</subfield>
  </datafield>
  <datafield tag="952" ind1=" " ind2=" ">
    <subfield code="0">0</subfield>
    <subfield code="1">0</subfield>
    <subfield code="4">0</subfield>
    <subfield code="7">0</subfield>
    <subfield code="a">CL</subfield>
    <subfield code="b">CL</subfield>
    <subfield code="c">REF</subfield>
    <subfield code="d">2022-09-19</subfield>
    <subfield code="o">Vol-122, No-713 July 2022</subfield>
    <subfield code="p">S-4139</subfield>
    <subfield code="y">CR</subfield>
  </datafield>
  <datafield tag="952" ind1=" " ind2=" ">
    <subfield code="0">0</subfield>
    <subfield code="1">0</subfield>
    <subfield code="4">0</subfield>
    <subfield code="7">0</subfield>
    <subfield code="a">CL</subfield>
    <subfield code="b">CL</subfield>
    <subfield code="c">REF</subfield>
    <subfield code="d">2022-09-19</subfield>
    <subfield code="o">Vol-122, No-714 August 2022</subfield>
    <subfield code="p">S-4221</subfield>
    <subfield code="y">CR</subfield>
  </datafield>
  <datafield tag="952" ind1=" " ind2=" ">
    <subfield code="0">0</subfield>
    <subfield code="1">0</subfield>
    <subfield code="4">0</subfield>
    <subfield code="7">0</subfield>
    <subfield code="a">CL</subfield>
    <subfield code="b">CL</subfield>
    <subfield code="c">REF</subfield>
    <subfield code="d">2022-09-19</subfield>
    <subfield code="o">Vol-122, No-715 Sep 2022</subfield>
    <subfield code="p">S-4288</subfield>
    <subfield code="y">CR</subfield>
  </datafield>
  <datafield tag="952" ind1=" " ind2=" ">
    <subfield code="0">0</subfield>
    <subfield code="1">0</subfield>
    <subfield code="4">0</subfield>
    <subfield code="7">0</subfield>
    <subfield code="a">CL</subfield>
    <subfield code="b">CL</subfield>
    <subfield code="c">REF</subfield>
    <subfield code="d">2022-10-12</subfield>
    <subfield code="o">Vol. 122, No. 716 - October 2022</subfield>
    <subfield code="p">S-4350</subfield>
    <subfield code="y">CR</subfield>
  </datafield>
  <datafield tag="952" ind1=" " ind2=" ">
    <subfield code="0">0</subfield>
    <subfield code="1">0</subfield>
    <subfield code="4">0</subfield>
    <subfield code="7">0</subfield>
    <subfield code="a">CL</subfield>
    <subfield code="b">CL</subfield>
    <subfield code="c">REF</subfield>
    <subfield code="d">2023-01-05</subfield>
    <subfield code="o">Vol. 122, No. 717 - November 2022</subfield>
    <subfield code="p">S-4438</subfield>
    <subfield code="y">CR</subfield>
  </datafield>
  <datafield tag="952" ind1=" " ind2=" ">
    <subfield code="0">0</subfield>
    <subfield code="1">0</subfield>
    <subfield code="4">0</subfield>
    <subfield code="7">0</subfield>
    <subfield code="a">CL</subfield>
    <subfield code="b">CL</subfield>
    <subfield code="c">REF</subfield>
    <subfield code="d">2023-01-05</subfield>
    <subfield code="l">0</subfield>
    <subfield code="o">Vol. 122, No. 718 - December 2022</subfield>
    <subfield code="p">S-4439</subfield>
    <subfield code="r">2023-01-05</subfield>
    <subfield code="w">2023-01-05</subfield>
    <subfield code="y">CR</subfield>
  </datafield>
</record>
